|
|
|
|
| LEADER |
01338nam a22002897a 4500 |
| 001 |
36030 |
| 003 |
BD-DhAAL |
| 005 |
20211205123307.0 |
| 008 |
191105t2009 gw a00 0 engbd engeng d |
| 999 |
|
|
|c 41761
|d 41761
|
| 020 |
|
|
|a 9783885137863
|
| 040 |
|
|
|a BD-DhAAL
|
| 082 |
|
|
|a 331.2596094
|
| 245 |
|
|
|a Training for a better life :
|b projects on vocational education and training in transformation countries /
|c edited by Uwe Gartenschlaeger ; Institut für Internationale Zusammenarbeit des Deutschen Volkshochschul-Verbandes, DVV International.
|
| 260 |
|
|
|a Bonn :
|b DVV International,
|c 2009
|
| 300 |
|
|
|a 132 pages :
|b illustrations ;
|c 21 cm
|
| 490 |
|
|
|a International perspectives in adult education ;
|v 62
|
| 526 |
|
|
|a BIED
|
| 541 |
|
|
|a Complimentary copy from BIED
|e 36030
|
| 650 |
|
|
|a Occupational retraining
|z Europe.
|9 36789
|
| 650 |
|
|
|a Vocational training centers
|z Europe.
|9 36790
|
| 700 |
|
|
|a Gartenschlaeger, Uwe
|9 36791
|
| 710 |
|
|
|a DVV International.
|9 36792
|
| 830 |
|
|
|a International perspectives in adult education
|9 36793
|
| 852 |
|
|
|a Ayesha Abed Library
|c BIED Collection
|
| 942 |
|
|
|2 ddc
|c BK
|
| 952 |
|
|
|0 0
|1 0
|2 ddc
|4 0
|6 331_259609400000000_TRA
|7 0
|9 67041
|a BRACUL
|b BRACUL
|c GEN
|d 2019-11-05
|e Complimentary copy from BIED
|l 0
|o 331.2596094 TRA
|p 3010036030
|r 2019-11-05
|t 1
|w 2019-11-05
|y BK
|x Transferred from BIED to General Stacks
|